Cities on the Mediterranean Sea by a Clue - Statistics

General Stats
  • This quiz has been taken 26,596 times
  • The average score is 12 of 20
Answer Stats
Clue Letter City % Correct
Is divided in half by the "Grand Canal" V Venice
92%
Known as the "Billionaires' Playground" M Monaco
91%
Located on the French Riviera with a famous film festival C Cannes
89%
Host of the 1992 Summer Olympics B Barcelona
88%
Location of the ancient city of Carthage T Tunis
83%
Its lighthouse used to be one of the Ancient Wonders of the World A Alexandria
81%
Most populous city in the Palestinian territories G Gaza
80%
Southernmost capital in Europe V Valletta
80%
Almost, but not quite, the southernmost point on the Iberian Peninsula G Gibraltar
77%
Where a storehouse of ammonium nitrate exploded in 2020 B Beirut
75%
Croatian walled city formerly called Ragusa D Dubrovnik
64%
In classical antiquity this city was known as "Smyrna" I İzmir
47%
One of two Spanish cities on the African mainland C Ceuta
42%
Greek city that has the namesake of a type of olive K Kalamata
40%
Where the U.S. consulate was attacked in 2012 B Benghazi
36%
Its name means "the Islands" in Arabic A Algiers
32%
Home to the Baháʼí World Centre H Haifa
29%
Main port of Cyprus L Limassol
29%
Was, at times, the second largest city in the Byzantine Empire after Constantinople T Thessaloniki
29%
Located at the northern terminus of the Suez Canal P Port Said
28%
No matching quizzes found
Score Distribution
Percent of People with Each Score
Percentile by Number Answered
Your Score History
You have not taken this quiz